000 00405nam a22001337a 4500
999 _c526098
_d526098
020 _a9789356403598
082 _aT19x54 G959
100 _aGupta, Nikhil
_945000
245 _aThe eight percent solution: a strategy For India's growth
_cby Nikhil Gupta
260 _aNew Delhi
_bBloomsbury
_c2023
300 _a400p.
650 _aEconomic development
_945001
650 _aEconomic development - India
_945002